000 00990nas a2200313 4500
001 BR9705096
003 BR-BrBNA
005 20231205100606.0
007 ta
008 230509b bl.|||p| |||| 00| 00por d
040 _aBR-BrBNA
_bpor
_cBiblioteca Nacional de Agricultura
041 _a(Pt)
072 _aQ54
100 1 _aDell'Isola, A.T.P.
100 1 _aFerreira, W.M.
100 1 _aHossain, S.M.
100 1 _aSantana, I.P.A.
100 1 _aFaria, S.R.
245 1 _aBiodisponibilidade de fosforo de fosfatos de rocha e do termofosfato magnesiano para frangos de corte
650 _aDisponibilidade de Nutriente
650 _aFosfato de Rocha
650 _aFosforo
650 _aSuplemento Alimentar
650 _aPerformance
650 _aFrango de Corte
773 0 _tArquivo Brasileiro de Medicina Veterinaria e Zootecnia (Brazil)
_xISSN 0102-0935
_g(Jun 1997), v. 49(3) p. 331-342
_wBR9705096
909 _a202311
_bLúcia
_c55
_dLúcia Elande
942 _2AGRIS
_n0
_cANA
999 _c156877
_d156877